| 000 | 01481nam0a2200325 4500 | ||
|---|---|---|---|
| 001 | RU\NLR\bibl\473026 | ||
| 005 | 20250623190845.0 | ||
| 021 |
_aRU _b2003-63883 _93136 |
||
| 035 | _a(NLR Aleph) 000466127 | ||
| 090 |
_a964416 _c964416 |
||
| 100 | _a20031217d2003 |||y0rusy50 ca | ||
| 101 | 1 |
_arus _cfre |
|
| 102 | _aRU | ||
| 105 | _aa ||||||||| | ||
| 200 | 1 |
_aГлобализация: Разрушение условий занятости и экономического роста _eЭмпир. очевидность _fМорис Алле, Лауреат Нобелев. премии по экономике _g[Пер. с фр. И.А. Егорова] |
|
| 210 |
_aМ. _cТЕИС _d2003 |
||
| 215 |
_a314 с. _cграф. _d22 |
||
| 225 | 1 | _aProgramme A. Pouchkine | |
| 300 | _aЗагл. и авт. ориг.: La Mondialisation La destruction des employs et de la croissance / Mauris Allais | ||
| 320 | _aБиблиогр.: с. 301-314 | ||
| 454 | 0 |
_12001#$aLa Mondialisation La destruction des employs et de la croissance$fMauris Allais _1700#1$aAllais$bM.$gMauris$4070 _tLa Mondialisation La destruction des employs et de la croissance _aAllais, Mauris |
|
| 606 | 0 |
_aЗанятость _91054374 _3RU\NLR\auth\66408126 |
|
| 606 | 0 |
_aБезработица _91145223 _3RU\NLR\auth\66137981 |
|
| 686 | _aУ24(0)05 | ||
| 700 | 1 |
_aАлле _bМ. _gМорис _4070 |
|
| 801 | 0 |
_aRU _bNLR _c20031217 _gPSBO |
|
| 801 | 1 |
_aRU _bNLR _c20031217 |
|
| 942 | _cBOOK | ||
| 980 | _aNB | ||